|
|
|
|
| LEADER |
02197nam a2200589 a 4500 |
| 001 |
nkc20081792828 |
| 003 |
CZ PrNK |
| 005 |
20091120164303.0 |
| 007 |
ta |
| 008 |
080306s2007 xr ab e f 000 0 cze |
| 015 |
|
|
|a cnb001792828
|
| 020 |
|
|
|a 978-80-7268-476-2
|q (Akcent, Drahomír Rybníček ;
|q váz.)
|
| 035 |
|
|
|a (OCoLC)228781119
|
| 040 |
|
|
|a ABA001
|b cze
|
| 041 |
0 |
|
|a cze
|b eng
|b ger
|
| 043 |
|
|
|a e-xr---
|b e-xr-vy
|2 czenas
|
| 072 |
|
7 |
|a 913(437)
|x Geografie Česka a Slovenska, reálie, cestování
|2 Konspekt
|9 7
|
| 080 |
|
|
|a 72/76:904
|2 MRF
|
| 080 |
|
|
|a 502.2:338.483.11
|2 MRF
|
| 080 |
|
|
|a 908(437.324)
|2 MRF
|
| 080 |
|
|
|a (0.062)
|2 MRF
|
| 080 |
|
|
|a (084.12)
|2 MRF
|
| 100 |
1 |
|
|a Zejda, Radovan,
|d 1946-2021
|7 mzk2003202371
|4 aut
|
| 245 |
1 |
0 |
|a Třebíčsko - krajina mnoha tváří /
|c R. Zejda, P. Vosátka, J. Hedbávný a kolektiv
|
| 246 |
1 |
8 |
|a Třebíčsko
|
| 250 |
|
|
|a Vyd. 1.
|
| 260 |
|
|
|a Třebíč :
|b Město Třebíč,
|c 2007
|
| 300 |
|
|
|a 158 s. :
|b il. (převážně barev.), mapy ;
|c 31 cm
|
| 490 |
1 |
|
|a Edice Vysočiny
|
| 500 |
|
|
|a Pro Město Třebíč vydal Akcent
|
| 504 |
|
|
|a Obsahuje bibliografii
|
| 546 |
|
|
|a Anglické a německé resumé
|
| 650 |
0 |
7 |
|a umělecké památky
|7 ph126896
|z Česko
|2 czenas
|
| 650 |
0 |
7 |
|a přírodní zajímavosti
|7 ph137777
|z Česko
|2 czenas
|
| 650 |
0 |
9 |
|a artistic monuments
|z Czechia
|2 eczenas
|
| 650 |
0 |
9 |
|a natural sights
|z Czechia
|2 eczenas
|
| 651 |
|
7 |
|a Třebíč (Česko : oblast)
|7 ge131186
|x vlastivěda
|2 czenas
|
| 651 |
|
9 |
|a Třebíč Region (Czechia)
|x history and geography
|2 eczenas
|
| 655 |
|
7 |
|a populárně-naučné publikace
|7 fd131864
|2 czenas
|
| 655 |
|
7 |
|a fotografické publikace
|7 fd132276
|2 czenas
|
| 655 |
|
9 |
|a popular works
|2 eczenas
|
| 655 |
|
9 |
|a photographical works
|2 eczenas
|
| 700 |
1 |
|
|a Vosátka, Pavel,
|d 1964-
|7 mzk2008434265
|4 aut
|
| 700 |
1 |
|
|a Hedbávný, Jaroslav,
|d 1959-
|7 mzk2003188903
|4 aut
|
| 710 |
1 |
|
|a Třebíč (Česko)
|7 ge131185
|
| 830 |
|
0 |
|a Edice Vysočiny
|0 s
|
| 910 |
2 |
|
|a BOA001
|b 4-1200.358
|
| 928 |
9 |
|
|a Akcent
|
| 990 |
|
|
|a BK
|
| 995 |
|
|
|a 01
|
| 991 |
|
|
|b 200803
|c NOV
|
| 996 |
6 |
|
|b 2610335625
|c 4-1200.358
|l MZK
|r Sklad / do 1 hodiny
|n 9
|p p.v.
|w 000887427
|u 000010
|a 1
|e BOA001
|j MZK50
|s P
|